| 000 | 01129nam a22002297a 4500 | ||
|---|---|---|---|
| 999 |
_c59931 _d59931 |
||
| 003 | Ge_BSU | ||
| 005 | 20230518103105.0 | ||
| 008 | 230518s2023 ge ||||| |||| 00| 0 geo d | ||
| 020 | _a9789941342097 | ||
| 041 | _ageo | ||
| 080 | _a821.353.1-3 ფ-97 | ||
| 100 |
_aფუტკარაძე, ედიშერ _918107 |
||
| 245 |
_aჩემი მოსაზრებები : _bპუბლიცისტიკა და პოეზია / _cედიშერ ფუტკარაძე; რედაქტორები: ოთარ გამყრელიძე, რაჟდენ ფუტკარაძე. |
||
| 264 |
_aთბილისი : _bმერიდიანი, _c2023. |
||
| 300 |
_a423 გვ. ; _b21 სმ. |
||
| 653 | _aპოეზია | ||
| 653 | _aპუბლიცისტიკა | ||
| 653 | _aადამიანური ურთიერთობები | ||
| 700 |
_aგამყრელიძე, ოთარ _eრედაქტორი _92834 |
||
| 700 |
_aფუტკარაძე, რაჟდენ _eრედაქტორი _9245 |
||
| 942 |
_2udc _cBK |
||